TV Chain Game Quiz Stats

 Plays Quiz not verified by Sporcle

Support Sporcle.
Go Orange.
Score 0/40 Timer 07:00
0 Plays Today
Hint Answer % Correct
????
100%
????
66.9%
????
66.1%
????
63%
????
62.5%
????
61.7%
????
60.1%
????
53.1%
????
45.9%
????
45.7%
????
45.3%
????
42.4%
????
42.2%
????
30.9%
????
30.4%
????
26.5%
????
25.9%
????
24.7%
????
23.9%
????
22%
Hint Answer % Correct
????
21.8%
????
21.2%
????
21%
????
19.3%
????
19.1%
????
18.5%
????
18.5%
????
18.3%
????
18.3%
????
17.9%
????
17.3%
????
16.9%
????
16.3%
????
15.2%
????
14%
????
14%
????
13.8%
????
12.5%
????
12.1%
????
12.1%

You're not logged in!

Compare scores with friends on all Sporcle quizzes.
OR
Log In

From the Vault

Scrambled City Sets II

by BanjoZebra

Were you considering a summer holiday in LUKAA PLURUM or REALBACON?
Remove Ads.
Support Sporcle.
Get the best of Sporcle when you Go Orange. This ad-free experience offers more features, more stats, and more fun while also helping to support Sporcle. Thank you for becoming a member.

Show Comments

Extras

Top Quizzes Today


Score Distribution

Your Account Isn't Verified!

In order to create a playlist on Sporcle, you need to verify the email address you used during registration. Go to your Sporcle Settings to finish the process.

Report this User

Report this user for behavior that violates our Community Guidelines.

Details: